Giáo trình quản lý sản xuất chăn nuôi

Tài liệu tập trung vào vấn đề quản lý sản xuất trong nông nghiệp bao gồm bản chất của quản lý, tổ chức bộ máy quản lý trong các loại hình tổ chức kinh doanh nông nghiệp, kế hoạch sản xuất kinh doanh nông nghiệp và sử dụng nguồn lao động t...

Descripción completa

Guardado en:
Detalles Bibliográficos
Autor principal: Nguyễn, Minh Thông
Formato: Libro
Lenguaje:Undetermined
Publicado: Cần Thơ Trường Đại học Cần Thơ 2007
Materias:
Etiquetas: Agregar Etiqueta
Sin Etiquetas, Sea el primero en etiquetar este registro!
Thư viện lưu trữ: Trung tâm Học liệu Trường Đại học Cần Thơ
LEADER 01117nam a2200217Ia 4500
001 CTU_134726
008 210402s9999 xx 000 0 und d
082 |a 636.00685 
082 |b Th455 
100 |a Nguyễn, Minh Thông 
245 0 |a Giáo trình quản lý sản xuất chăn nuôi 
245 0 |c Nguyễn Minh Thông 
260 |a Cần Thơ 
260 |b Trường Đại học Cần Thơ 
260 |c 2007 
520 |a Tài liệu tập trung vào vấn đề quản lý sản xuất trong nông nghiệp bao gồm bản chất của quản lý, tổ chức bộ máy quản lý trong các loại hình tổ chức kinh doanh nông nghiệp, kế hoạch sản xuất kinh doanh nông nghiệp và sử dụng nguồn lao động trong kinh doanh nông nghiệp. 
526 |a Quản lý trang trại chăn nuôi 
526 |b NNN613 
650 |a Animal industry,Production management,Ngành chăn nuôi,Quản lý sản xuất 
904 |i Huỳnh Mai 
980 |a Trung tâm Học liệu Trường Đại học Cần Thơ